000 00250nam a22001097a 4500
082 _a621.3813 KRA'M
100 _aKRASZEWSKI, A
_978196
245 _aMICROWAVE GAS DISCHARGE DEVICES
260 _aLONDON
_bILIFFE
_c1967
300 _a338P
942 _cBK
999 _c583358
_d583358